77 Candidatas a maravillas del mundo moderno - Estadísticas

Estadísticas generales
  • Esta prueba ha sido intentada 75 veces
  • La puntuación promedio es 18 de 77
Estadísticas de respuestas
Hint Respuesta % Correcto
Francia Torre Eiffel 8
94%
Brasil Cristo Redentor, Río de Janeiro 1
90%
Jordania Petra 4
88%
Italia Coliseo de Roma 6
87%
Perú Machu Picchu, Cuzco 2
86%
India Taj Mahal 5
86%
China Gran Muralla 3
81%
España Templo de la Sagrada Familia 17
80%
México Chichen Itzá 7
67%
España Alhambra 14
64%
Rusia Kremlin, Catedral de San Basilio y la Plaza Roja de Moscú 10
59%
Italia Torre de Pisa 9
58%
Gran Bretaña Big Ben 63
55%
Estados Unidos Estatua de la Libertad 16
48%
Australia Ópera de Sídney 19
46%
Ciudad del Vaticano Basílica de San Pedro 61
39%
Turquía Iglesia de Santa Sofía 18
33%
Camboya Angkor Wat 15
32%
Estados Unidos Empire State 26
29%
Chile Moais de la Isla de Pascua 22
29%
China Ciudad Prohibida 46
28%
Gran Bretaña Stonehenge 35
28%
Panamá Canal de Panamá 77
26%
Alemania Catedral de Colonia 40
23%
Ciudad del Vaticano Capilla Sixtina 69
22%
Estados Unidos Monte Rushmore 64
22%
Yemén Ciudad histórica de Saná 11
20%
España La Giralda 13
20%
España Acueducto de Segovia 75
19%
Estados Unidos Golden Gate 21
17%
Malasia Torres Petronas 49
17%
Egipto Abu Simbel 55
16%
Gran Bretaña London Eye 59
14%
Francia Palacio de Versalles 12
14%
Hungría Parlamento de Budapest 34
14%
España Santiago de Compostela 33
14%
Grecia Acrópolis de Atenas 29
13%
Perú Líneas de Nazca 66
13%
España Mezquita-catedral de Córdoba 54
13%
Gran Bretaña Torre de Londres 48
13%
China Guerreros de terracota 44
12%
Francia Monte Saint-Michel 67
10%
Alemania Neuschwanstein 36
10%
Egipto Pirámides de Guiza 42
10%
México Teotihuacán 57
9%
España Palacio Real de Madrid 70
7%
República Checa Castillo de Praga 45
6%
Alemania Catedral de Aquisgrán 27
6%
Japón Kiyomizu-dera 51
6%
República Checa Puente Carlos 60
6%
India Templo del Loto 43
6%
Canadá Torre CN 72
6%
Egipto Valle de los Reyes 73
6%
Gran Bretaña Catedral de San Pablo de Londres 56
4%
Alemania Estadio Olímpico de Münich 50
4%
Japón Palacio Imperial de Tokio 25
4%
Gran Bretaña Parlamento del Reino Unido 53
4%
India Templo de Oro 28
4%
Tailandia Dhammakaya Cetiya 39
3%
Grecia Estadio Panathinaiko 76
3%
India Estatua Bahubali 32
3%
Emiratos Árabes Unidos Hotel Burj Al Arab 68
3%
Alemania Iglesia de Nuestra Señora de Dresde 41
3%
Suiza Kapellbrücke 47
3%
India Mahabalipuram 37
3%
Malí Mezquita de Djingareyber 23
3%
España Museo Guggenheim Bilbao 65
3%
Gran Bretaña Observatorio de Greenwich 71
3%
China Palacio de Potala 20
3%
Italia Palacio Ducal 58
3%
Alemania Puente de Goeltzschtal 38
3%
Sri Lanka Sigiriya 52
3%
India Templo de Arunachaleswara 31
3%
India Templo de Brihadeshwara 30
3%
India Templo de Meenakshi Amman 24
3%
India Templo de Ranakpur 62
3%
Irlanda Tumba Megalítica de Newgrange 74
3%
No se encontraron pruebas coincidentes
Distribución de puntuación
Porcentaje de gente con cada puntuación
Porcentaje por número respondido
Historial de tus puntuaciones
No has intentado esta prueba.